000 00699nam a2200217Ia 4500
003 AR-BeUNQ
005 20240429172940.0
008 221202s9999 xx 000 0 und d
020 _a9789877280913
040 _aAR-BeUNQ
_bspa
_eaacr
_cAR-BeUNQ
082 _221
_a782
245 0 _aMovimientos en blanco y negro : Historia, literatura y Arte en el Ajedrez Argentino : Contribuciones de Martín Kohan
250 _a1a.ed
260 _aCABA :
_bBiblioteca Nacional,
_c2017
300 _a104 p. ;
_bil. ;
_c27 x 20 cm
653 _aEspañol
653 _aFormación Docente
700 _aManguel, Alberto
929 _bBiblioteca Nacional
_e2022
_aDONACION
_d0
_j60293
_fPAT0081679
942 _cLIB
_n0
999 _c750
_d750